[Event "London Classic U1825 op 10th"]
[Site "London"]
[Date "2018.12.16"]
[Round "4"]
[White "Kamath, Raghu"]
[Black "Bergner, Matthias"]
[Result "1-0"]
[WhiteElo "1787"]
[BlackElo "1650"]
[PlyCount "103"]
[EventDate "2018.12.14"]
[EventType "swiss"]
[EventRounds "5"]
[EventCountry "ENG"]
[SourceTitle "CBM 187 Extra"]
[Source "ChessBase"]
[SourceDate "2018.11.04"]
[SourceVersion "1"]
[SourceVersionDate "2018.11.04"]
[SourceQuality "1"]

1. e4 e6 2. d4 d5 3. exd5 exd5 4. Bd3 Nf6 5. Ne2 Bd6 6. Bf4 0-0 7. Bxd6 Qxd6 8. c3 Bg4 9. Nd2 Nbd7 10. 0-0 Rfe8 11. f3 Bh5 12. Ng3 Bg6 13. Nf5 Bxf5 14. Bxf5 Re7 15. Qc2 Rae8 16. Rf2 Qf4 17. Bd3 Re1+ 18. Rxe1 Rxe1+ 19. Nf1 Qe3 20. Qd2 Qxd2 21. Rxd2 Re7 22. Re2 Rxe2 23. Bxe2 Kf8 24. Ne3 g6 25. Kf2 Ke7 26. g4 c6 27. h4 h5 28. g5 Ne8 29. f4 Nd6 30. f5 Nf8 31. Kg3 gxf5 32. Bxh5 Ng6 33. Ng2 Ne4+ 34. Kf3 Nd2+ 35. Kg3 Ne4+ 36. Kf3 Nd2+ 37. Ke2 Ne4 38. Bf3 Nf8 39. Nf4 Ng6 40. Ng2 Nf8 41. Ke3 f6 42. g6 Nxg6 43. h5 Nh8 44. Kf4 Nd6 45. Nh4 Kf7 46. Nxf5 Nxf5 47. Kxf5 b6 48. Bg4 Ke7 49. h6 c5 50. Bf3 cxd4 51. cxd4 Nf7 52. h7 1-0